<?xml version="1.0" encoding="UTF-8"?>
<record
    xmlns:xsi="http://www.w3.org/2001/XMLSchema-instance"
    xsi:schemaLocation="http://www.loc.gov/MARC21/slim http://www.loc.gov/standards/marcxml/schema/MARC21slim.xsd"
    xmlns="http://www.loc.gov/MARC21/slim">

  <leader>00827cam a2200193 a 4500</leader>
  <controlfield tag="005">20251001114013.0</controlfield>
  <datafield tag="020" ind1=" " ind2=" ">
    <subfield code="a">9987617832</subfield>
    <subfield code="c">TZS 10,000/=</subfield>
  </datafield>
  <datafield tag="040" ind1=" " ind2=" ">
    <subfield code="a">MCCL</subfield>
    <subfield code="b">eng.</subfield>
    <subfield code="e">AACR 2nd rev. ed.</subfield>
  </datafield>
  <datafield tag="082" ind1=" " ind2=" ">
    <subfield code="a">339.9678 NKY</subfield>
  </datafield>
  <datafield tag="100" ind1="1" ind2=" ">
    <subfield code="a">Nkya, Estomih J.</subfield>
  </datafield>
  <datafield tag="245" ind1="1" ind2="0">
    <subfield code="a">Handbook on public-private sector relationship in economic development :</subfield>
    <subfield code="b">search for effective balance /</subfield>
    <subfield code="c">Estomih J. Nkya.</subfield>
  </datafield>
  <datafield tag="246" ind1="3" ind2="0">
    <subfield code="a">Public-private sector relationship in economic development</subfield>
  </datafield>
  <datafield tag="260" ind1=" " ind2=" ">
    <subfield code="a">Morogoro, Tanzania :</subfield>
    <subfield code="b">Mzumbe University, Dept. of Research and Publications,</subfield>
    <subfield code="c">c2007.</subfield>
  </datafield>
  <datafield tag="300" ind1=" " ind2=" ">
    <subfield code="a">viii, 175 p. :</subfield>
    <subfield code="b">ill. ;</subfield>
    <subfield code="c">21 cm.</subfield>
  </datafield>
  <datafield tag="504" ind1=" " ind2=" ">
    <subfield code="a">Includes bibliographical references (pp. 166-171) and index.</subfield>
  </datafield>
  <datafield tag="650" ind1=" " ind2="0">
    <subfield code="a">Public-private sector cooperation</subfield>
    <subfield code="z">Tanzania.</subfield>
  </datafield>
  <datafield tag="650" ind1=" " ind2="0">
    <subfield code="a">Public-private sector cooperation</subfield>
    <subfield code="z">Tanzania</subfield>
    <subfield code="v">Case studies.</subfield>
  </datafield>
  <datafield tag="942" ind1=" " ind2=" ">
    <subfield code="c">BK</subfield>
  </datafield>
  <datafield tag="999" ind1=" " ind2=" ">
    <subfield code="c">11507</subfield>
    <subfield code="d">11507</subfield>
  </datafield>
  <datafield tag="952" ind1=" " ind2=" ">
    <subfield code="0">0</subfield>
    <subfield code="1">0</subfield>
    <subfield code="4">0</subfield>
    <subfield code="7">0</subfield>
    <subfield code="a">MU002</subfield>
    <subfield code="b">MU002</subfield>
    <subfield code="d">2023-10-01</subfield>
    <subfield code="l">0</subfield>
    <subfield code="o">339.9678</subfield>
    <subfield code="p">001059</subfield>
    <subfield code="r">2025-10-01 11:42:03</subfield>
    <subfield code="t">1</subfield>
    <subfield code="w">2025-10-01</subfield>
    <subfield code="y">BK</subfield>
  </datafield>
  <datafield tag="952" ind1=" " ind2=" ">
    <subfield code="0">0</subfield>
    <subfield code="1">0</subfield>
    <subfield code="4">0</subfield>
    <subfield code="7">0</subfield>
    <subfield code="a">MU002</subfield>
    <subfield code="b">MU002</subfield>
    <subfield code="d">2023-10-01</subfield>
    <subfield code="l">0</subfield>
    <subfield code="o">339.9678</subfield>
    <subfield code="p">001060</subfield>
    <subfield code="r">2025-10-01 11:42:03</subfield>
    <subfield code="t">2</subfield>
    <subfield code="w">2025-10-01</subfield>
    <subfield code="y">BK</subfield>
  </datafield>
  <datafield tag="952" ind1=" " ind2=" ">
    <subfield code="0">0</subfield>
    <subfield code="1">0</subfield>
    <subfield code="4">0</subfield>
    <subfield code="7">0</subfield>
    <subfield code="a">MU002</subfield>
    <subfield code="b">MU002</subfield>
    <subfield code="d">2023-10-01</subfield>
    <subfield code="l">0</subfield>
    <subfield code="o">339.9678</subfield>
    <subfield code="p">001061</subfield>
    <subfield code="r">2025-10-01 11:42:03</subfield>
    <subfield code="t">3</subfield>
    <subfield code="w">2025-10-01</subfield>
    <subfield code="y">BK</subfield>
  </datafield>
  <datafield tag="952" ind1=" " ind2=" ">
    <subfield code="0">0</subfield>
    <subfield code="1">0</subfield>
    <subfield code="4">0</subfield>
    <subfield code="7">0</subfield>
    <subfield code="a">MU002</subfield>
    <subfield code="b">MU002</subfield>
    <subfield code="d">2023-10-01</subfield>
    <subfield code="l">0</subfield>
    <subfield code="o">339.9678</subfield>
    <subfield code="p">001062</subfield>
    <subfield code="r">2025-10-01 11:42:03</subfield>
    <subfield code="t">4</subfield>
    <subfield code="w">2025-10-01</subfield>
    <subfield code="y">BK</subfield>
  </datafield>
  <datafield tag="952" ind1=" " ind2=" ">
    <subfield code="0">0</subfield>
    <subfield code="1">0</subfield>
    <subfield code="4">0</subfield>
    <subfield code="7">0</subfield>
    <subfield code="a">MU002</subfield>
    <subfield code="b">MU002</subfield>
    <subfield code="d">2023-10-01</subfield>
    <subfield code="l">0</subfield>
    <subfield code="o">339.9678</subfield>
    <subfield code="p">001063</subfield>
    <subfield code="r">2025-10-01 11:42:03</subfield>
    <subfield code="t">5</subfield>
    <subfield code="w">2025-10-01</subfield>
    <subfield code="y">BK</subfield>
  </datafield>
  <datafield tag="952" ind1=" " ind2=" ">
    <subfield code="0">0</subfield>
    <subfield code="1">0</subfield>
    <subfield code="4">0</subfield>
    <subfield code="7">0</subfield>
    <subfield code="a">MU002</subfield>
    <subfield code="b">MU002</subfield>
    <subfield code="d">2023-10-01</subfield>
    <subfield code="l">0</subfield>
    <subfield code="o">339.9678</subfield>
    <subfield code="p">001064</subfield>
    <subfield code="r">2025-10-01 11:42:03</subfield>
    <subfield code="t">6</subfield>
    <subfield code="w">2025-10-01</subfield>
    <subfield code="y">BK</subfield>
  </datafield>
  <datafield tag="952" ind1=" " ind2=" ">
    <subfield code="0">0</subfield>
    <subfield code="1">0</subfield>
    <subfield code="4">0</subfield>
    <subfield code="7">0</subfield>
    <subfield code="a">MU002</subfield>
    <subfield code="b">MU002</subfield>
    <subfield code="d">2023-10-01</subfield>
    <subfield code="l">0</subfield>
    <subfield code="o">339.9678</subfield>
    <subfield code="p">001065</subfield>
    <subfield code="r">2025-10-01 11:42:03</subfield>
    <subfield code="t">7</subfield>
    <subfield code="w">2025-10-01</subfield>
    <subfield code="y">BK</subfield>
  </datafield>
  <datafield tag="952" ind1=" " ind2=" ">
    <subfield code="0">0</subfield>
    <subfield code="1">0</subfield>
    <subfield code="4">0</subfield>
    <subfield code="7">0</subfield>
    <subfield code="a">MU002</subfield>
    <subfield code="b">MU002</subfield>
    <subfield code="d">2023-10-01</subfield>
    <subfield code="l">0</subfield>
    <subfield code="o">339.9678</subfield>
    <subfield code="p">001066</subfield>
    <subfield code="r">2025-10-01 11:42:03</subfield>
    <subfield code="t">8</subfield>
    <subfield code="w">2025-10-01</subfield>
    <subfield code="y">BK</subfield>
  </datafield>
  <datafield tag="952" ind1=" " ind2=" ">
    <subfield code="0">0</subfield>
    <subfield code="1">0</subfield>
    <subfield code="4">0</subfield>
    <subfield code="7">0</subfield>
    <subfield code="a">MU002</subfield>
    <subfield code="b">MU002</subfield>
    <subfield code="d">2023-10-01</subfield>
    <subfield code="l">0</subfield>
    <subfield code="o">339.9678</subfield>
    <subfield code="p">001067</subfield>
    <subfield code="r">2025-10-01 11:42:03</subfield>
    <subfield code="t">9</subfield>
    <subfield code="w">2025-10-01</subfield>
    <subfield code="y">BK</subfield>
  </datafield>
  <datafield tag="952" ind1=" " ind2=" ">
    <subfield code="0">0</subfield>
    <subfield code="1">0</subfield>
    <subfield code="4">0</subfield>
    <subfield code="7">0</subfield>
    <subfield code="a">MU002</subfield>
    <subfield code="b">MU002</subfield>
    <subfield code="d">2023-10-01</subfield>
    <subfield code="l">0</subfield>
    <subfield code="o">339.9678</subfield>
    <subfield code="p">001068</subfield>
    <subfield code="r">2025-10-01 11:42:03</subfield>
    <subfield code="t">10</subfield>
    <subfield code="w">2025-10-01</subfield>
    <subfield code="y">BK</subfield>
  </datafield>
  <datafield tag="952" ind1=" " ind2=" ">
    <subfield code="0">0</subfield>
    <subfield code="1">0</subfield>
    <subfield code="4">0</subfield>
    <subfield code="7">0</subfield>
    <subfield code="a">MU002</subfield>
    <subfield code="b">MU002</subfield>
    <subfield code="d">2023-10-01</subfield>
    <subfield code="l">0</subfield>
    <subfield code="o">339.9678</subfield>
    <subfield code="p">001069</subfield>
    <subfield code="r">2025-10-01 11:42:03</subfield>
    <subfield code="t">11</subfield>
    <subfield code="w">2025-10-01</subfield>
    <subfield code="y">BK</subfield>
  </datafield>
  <datafield tag="952" ind1=" " ind2=" ">
    <subfield code="0">0</subfield>
    <subfield code="1">0</subfield>
    <subfield code="4">0</subfield>
    <subfield code="7">0</subfield>
    <subfield code="a">MU002</subfield>
    <subfield code="b">MU002</subfield>
    <subfield code="d">2023-10-01</subfield>
    <subfield code="l">0</subfield>
    <subfield code="o">339.9678</subfield>
    <subfield code="p">001070</subfield>
    <subfield code="r">2025-10-01 11:42:03</subfield>
    <subfield code="t">12</subfield>
    <subfield code="w">2025-10-01</subfield>
    <subfield code="y">BK</subfield>
  </datafield>
  <datafield tag="952" ind1=" " ind2=" ">
    <subfield code="0">0</subfield>
    <subfield code="1">0</subfield>
    <subfield code="4">0</subfield>
    <subfield code="7">0</subfield>
    <subfield code="a">MU002</subfield>
    <subfield code="b">MU002</subfield>
    <subfield code="d">2023-10-01</subfield>
    <subfield code="l">0</subfield>
    <subfield code="o">339.9678</subfield>
    <subfield code="p">001071</subfield>
    <subfield code="r">2025-10-01 11:42:03</subfield>
    <subfield code="t">13</subfield>
    <subfield code="w">2025-10-01</subfield>
    <subfield code="y">BK</subfield>
  </datafield>
  <datafield tag="952" ind1=" " ind2=" ">
    <subfield code="0">0</subfield>
    <subfield code="1">0</subfield>
    <subfield code="4">0</subfield>
    <subfield code="7">0</subfield>
    <subfield code="a">MU002</subfield>
    <subfield code="b">MU002</subfield>
    <subfield code="d">2023-10-01</subfield>
    <subfield code="l">0</subfield>
    <subfield code="o">339.9678</subfield>
    <subfield code="p">001072</subfield>
    <subfield code="r">2025-10-01 11:42:03</subfield>
    <subfield code="t">14</subfield>
    <subfield code="w">2025-10-01</subfield>
    <subfield code="y">BK</subfield>
  </datafield>
  <datafield tag="952" ind1=" " ind2=" ">
    <subfield code="0">0</subfield>
    <subfield code="1">0</subfield>
    <subfield code="4">0</subfield>
    <subfield code="7">0</subfield>
    <subfield code="a">MU002</subfield>
    <subfield code="b">MU002</subfield>
    <subfield code="d">2023-10-01</subfield>
    <subfield code="l">0</subfield>
    <subfield code="o">339.9678</subfield>
    <subfield code="p">001073</subfield>
    <subfield code="r">2025-10-01 11:42:03</subfield>
    <subfield code="t">15</subfield>
    <subfield code="w">2025-10-01</subfield>
    <subfield code="y">BK</subfield>
  </datafield>
  <datafield tag="952" ind1=" " ind2=" ">
    <subfield code="0">0</subfield>
    <subfield code="1">0</subfield>
    <subfield code="4">0</subfield>
    <subfield code="7">0</subfield>
    <subfield code="a">MU002</subfield>
    <subfield code="b">MU002</subfield>
    <subfield code="d">2023-10-01</subfield>
    <subfield code="l">0</subfield>
    <subfield code="o">339.9678</subfield>
    <subfield code="p">001074</subfield>
    <subfield code="r">2025-10-01 11:42:03</subfield>
    <subfield code="t">16</subfield>
    <subfield code="w">2025-10-01</subfield>
    <subfield code="y">BK</subfield>
  </datafield>
  <datafield tag="952" ind1=" " ind2=" ">
    <subfield code="0">0</subfield>
    <subfield code="1">0</subfield>
    <subfield code="4">0</subfield>
    <subfield code="7">0</subfield>
    <subfield code="a">MU002</subfield>
    <subfield code="b">MU002</subfield>
    <subfield code="d">2023-10-01</subfield>
    <subfield code="l">0</subfield>
    <subfield code="o">339.9678</subfield>
    <subfield code="p">001075</subfield>
    <subfield code="r">2025-10-01 11:42:03</subfield>
    <subfield code="t">17</subfield>
    <subfield code="w">2025-10-01</subfield>
    <subfield code="y">BK</subfield>
  </datafield>
  <datafield tag="952" ind1=" " ind2=" ">
    <subfield code="0">0</subfield>
    <subfield code="1">0</subfield>
    <subfield code="4">0</subfield>
    <subfield code="7">0</subfield>
    <subfield code="a">MU002</subfield>
    <subfield code="b">MU002</subfield>
    <subfield code="d">2023-10-01</subfield>
    <subfield code="l">0</subfield>
    <subfield code="o">339.9678</subfield>
    <subfield code="p">001076</subfield>
    <subfield code="r">2025-10-01 11:42:03</subfield>
    <subfield code="t">18</subfield>
    <subfield code="w">2025-10-01</subfield>
    <subfield code="y">BK</subfield>
  </datafield>
  <datafield tag="952" ind1=" " ind2=" ">
    <subfield code="0">0</subfield>
    <subfield code="1">0</subfield>
    <subfield code="4">0</subfield>
    <subfield code="7">0</subfield>
    <subfield code="a">MU002</subfield>
    <subfield code="b">MU002</subfield>
    <subfield code="d">2023-10-01</subfield>
    <subfield code="l">0</subfield>
    <subfield code="o">339.9678</subfield>
    <subfield code="p">001077</subfield>
    <subfield code="r">2025-10-01 11:42:03</subfield>
    <subfield code="t">19</subfield>
    <subfield code="w">2025-10-01</subfield>
    <subfield code="y">BK</subfield>
  </datafield>
  <datafield tag="952" ind1=" " ind2=" ">
    <subfield code="0">0</subfield>
    <subfield code="1">0</subfield>
    <subfield code="4">0</subfield>
    <subfield code="7">0</subfield>
    <subfield code="a">MU002</subfield>
    <subfield code="b">MU002</subfield>
    <subfield code="d">2023-10-01</subfield>
    <subfield code="l">0</subfield>
    <subfield code="o">339.9678</subfield>
    <subfield code="p">001078</subfield>
    <subfield code="r">2025-10-01 11:42:03</subfield>
    <subfield code="t">20</subfield>
    <subfield code="w">2025-10-01</subfield>
    <subfield code="y">BK</subfield>
  </datafield>
  <datafield tag="952" ind1=" " ind2=" ">
    <subfield code="0">0</subfield>
    <subfield code="1">0</subfield>
    <subfield code="4">0</subfield>
    <subfield code="7">0</subfield>
    <subfield code="a">MU002</subfield>
    <subfield code="b">MU002</subfield>
    <subfield code="d">2023-10-01</subfield>
    <subfield code="l">0</subfield>
    <subfield code="o">339.9678</subfield>
    <subfield code="p">001079</subfield>
    <subfield code="r">2025-10-01 11:42:03</subfield>
    <subfield code="t">21</subfield>
    <subfield code="w">2025-10-01</subfield>
    <subfield code="y">BK</subfield>
  </datafield>
  <datafield tag="952" ind1=" " ind2=" ">
    <subfield code="0">0</subfield>
    <subfield code="1">0</subfield>
    <subfield code="4">0</subfield>
    <subfield code="7">0</subfield>
    <subfield code="a">MU002</subfield>
    <subfield code="b">MU002</subfield>
    <subfield code="d">2023-10-01</subfield>
    <subfield code="l">0</subfield>
    <subfield code="o">339.9678</subfield>
    <subfield code="p">001080</subfield>
    <subfield code="r">2025-10-01 11:42:03</subfield>
    <subfield code="t">22</subfield>
    <subfield code="w">2025-10-01</subfield>
    <subfield code="y">BK</subfield>
  </datafield>
  <datafield tag="952" ind1=" " ind2=" ">
    <subfield code="0">0</subfield>
    <subfield code="1">0</subfield>
    <subfield code="4">0</subfield>
    <subfield code="7">0</subfield>
    <subfield code="a">MU002</subfield>
    <subfield code="b">MU002</subfield>
    <subfield code="d">2023-10-01</subfield>
    <subfield code="l">0</subfield>
    <subfield code="o">339.9678</subfield>
    <subfield code="p">001081</subfield>
    <subfield code="r">2025-10-01 11:42:03</subfield>
    <subfield code="t">23</subfield>
    <subfield code="w">2025-10-01</subfield>
    <subfield code="y">BK</subfield>
  </datafield>
  <datafield tag="952" ind1=" " ind2=" ">
    <subfield code="0">0</subfield>
    <subfield code="1">0</subfield>
    <subfield code="4">0</subfield>
    <subfield code="7">0</subfield>
    <subfield code="a">MU002</subfield>
    <subfield code="b">MU002</subfield>
    <subfield code="d">2023-10-01</subfield>
    <subfield code="l">0</subfield>
    <subfield code="o">339.9678</subfield>
    <subfield code="p">001082</subfield>
    <subfield code="r">2025-10-01 11:42:03</subfield>
    <subfield code="t">24</subfield>
    <subfield code="w">2025-10-01</subfield>
    <subfield code="y">BK</subfield>
  </datafield>
  <datafield tag="952" ind1=" " ind2=" ">
    <subfield code="0">0</subfield>
    <subfield code="1">0</subfield>
    <subfield code="4">0</subfield>
    <subfield code="7">0</subfield>
    <subfield code="a">MU002</subfield>
    <subfield code="b">MU002</subfield>
    <subfield code="d">2023-10-01</subfield>
    <subfield code="l">0</subfield>
    <subfield code="o">339.9678</subfield>
    <subfield code="p">001083</subfield>
    <subfield code="r">2025-10-01 11:42:03</subfield>
    <subfield code="t">25</subfield>
    <subfield code="w">2025-10-01</subfield>
    <subfield code="y">BK</subfield>
  </datafield>
  <datafield tag="952" ind1=" " ind2=" ">
    <subfield code="0">0</subfield>
    <subfield code="1">0</subfield>
    <subfield code="4">0</subfield>
    <subfield code="7">0</subfield>
    <subfield code="a">MU002</subfield>
    <subfield code="b">MU002</subfield>
    <subfield code="d">2023-10-01</subfield>
    <subfield code="l">0</subfield>
    <subfield code="o">339.9678</subfield>
    <subfield code="p">001084</subfield>
    <subfield code="r">2025-10-01 11:42:03</subfield>
    <subfield code="t">26</subfield>
    <subfield code="w">2025-10-01</subfield>
    <subfield code="y">BK</subfield>
  </datafield>
  <datafield tag="952" ind1=" " ind2=" ">
    <subfield code="0">0</subfield>
    <subfield code="1">0</subfield>
    <subfield code="4">0</subfield>
    <subfield code="7">0</subfield>
    <subfield code="a">MU002</subfield>
    <subfield code="b">MU002</subfield>
    <subfield code="d">2023-10-01</subfield>
    <subfield code="l">0</subfield>
    <subfield code="o">339.9678</subfield>
    <subfield code="p">001085</subfield>
    <subfield code="r">2025-10-01 11:42:03</subfield>
    <subfield code="t">27</subfield>
    <subfield code="w">2025-10-01</subfield>
    <subfield code="y">BK</subfield>
  </datafield>
  <datafield tag="952" ind1=" " ind2=" ">
    <subfield code="0">0</subfield>
    <subfield code="1">0</subfield>
    <subfield code="4">0</subfield>
    <subfield code="7">0</subfield>
    <subfield code="a">MU002</subfield>
    <subfield code="b">MU002</subfield>
    <subfield code="d">2023-10-01</subfield>
    <subfield code="l">0</subfield>
    <subfield code="o">339.9678</subfield>
    <subfield code="p">001086</subfield>
    <subfield code="r">2025-10-01 11:42:03</subfield>
    <subfield code="t">28</subfield>
    <subfield code="w">2025-10-01</subfield>
    <subfield code="y">BK</subfield>
  </datafield>
  <datafield tag="952" ind1=" " ind2=" ">
    <subfield code="0">0</subfield>
    <subfield code="1">0</subfield>
    <subfield code="4">0</subfield>
    <subfield code="7">0</subfield>
    <subfield code="a">MU002</subfield>
    <subfield code="b">MU002</subfield>
    <subfield code="d">2023-10-01</subfield>
    <subfield code="l">0</subfield>
    <subfield code="o">339.9678</subfield>
    <subfield code="p">001087</subfield>
    <subfield code="r">2025-10-01 11:42:03</subfield>
    <subfield code="t">29</subfield>
    <subfield code="w">2025-10-01</subfield>
    <subfield code="y">BK</subfield>
  </datafield>
  <datafield tag="952" ind1=" " ind2=" ">
    <subfield code="0">0</subfield>
    <subfield code="1">0</subfield>
    <subfield code="4">0</subfield>
    <subfield code="7">0</subfield>
    <subfield code="a">MU002</subfield>
    <subfield code="b">MU002</subfield>
    <subfield code="d">2023-10-01</subfield>
    <subfield code="l">0</subfield>
    <subfield code="o">339.9678</subfield>
    <subfield code="p">001088</subfield>
    <subfield code="r">2025-10-01 11:42:03</subfield>
    <subfield code="t">30</subfield>
    <subfield code="w">2025-10-01</subfield>
    <subfield code="y">BK</subfield>
  </datafield>
  <datafield tag="952" ind1=" " ind2=" ">
    <subfield code="0">0</subfield>
    <subfield code="1">0</subfield>
    <subfield code="4">0</subfield>
    <subfield code="7">0</subfield>
    <subfield code="a">MU002</subfield>
    <subfield code="b">MU002</subfield>
    <subfield code="d">2023-10-01</subfield>
    <subfield code="l">0</subfield>
    <subfield code="o">339.9678</subfield>
    <subfield code="p">001089</subfield>
    <subfield code="r">2025-10-01 11:42:03</subfield>
    <subfield code="t">31</subfield>
    <subfield code="w">2025-10-01</subfield>
    <subfield code="y">BK</subfield>
  </datafield>
  <datafield tag="952" ind1=" " ind2=" ">
    <subfield code="0">0</subfield>
    <subfield code="1">0</subfield>
    <subfield code="4">0</subfield>
    <subfield code="7">0</subfield>
    <subfield code="a">MU002</subfield>
    <subfield code="b">MU002</subfield>
    <subfield code="d">2023-10-01</subfield>
    <subfield code="l">0</subfield>
    <subfield code="o">339.9678</subfield>
    <subfield code="p">001090</subfield>
    <subfield code="r">2025-10-01 11:42:03</subfield>
    <subfield code="t">32</subfield>
    <subfield code="w">2025-10-01</subfield>
    <subfield code="y">BK</subfield>
  </datafield>
  <datafield tag="952" ind1=" " ind2=" ">
    <subfield code="0">0</subfield>
    <subfield code="1">0</subfield>
    <subfield code="4">0</subfield>
    <subfield code="7">0</subfield>
    <subfield code="a">MU002</subfield>
    <subfield code="b">MU002</subfield>
    <subfield code="d">2023-10-01</subfield>
    <subfield code="l">0</subfield>
    <subfield code="o">339.9678</subfield>
    <subfield code="p">001091</subfield>
    <subfield code="r">2025-10-01 11:42:03</subfield>
    <subfield code="t">33</subfield>
    <subfield code="w">2025-10-01</subfield>
    <subfield code="y">BK</subfield>
  </datafield>
  <datafield tag="952" ind1=" " ind2=" ">
    <subfield code="0">0</subfield>
    <subfield code="1">0</subfield>
    <subfield code="4">0</subfield>
    <subfield code="7">0</subfield>
    <subfield code="a">MU002</subfield>
    <subfield code="b">MU002</subfield>
    <subfield code="d">2023-10-01</subfield>
    <subfield code="l">0</subfield>
    <subfield code="o">339.9678</subfield>
    <subfield code="p">001092</subfield>
    <subfield code="r">2025-10-01 11:42:03</subfield>
    <subfield code="t">34</subfield>
    <subfield code="w">2025-10-01</subfield>
    <subfield code="y">BK</subfield>
  </datafield>
  <datafield tag="952" ind1=" " ind2=" ">
    <subfield code="0">0</subfield>
    <subfield code="1">0</subfield>
    <subfield code="4">0</subfield>
    <subfield code="7">0</subfield>
    <subfield code="a">MU002</subfield>
    <subfield code="b">MU002</subfield>
    <subfield code="d">2023-10-01</subfield>
    <subfield code="l">0</subfield>
    <subfield code="o">339.9678</subfield>
    <subfield code="p">001093</subfield>
    <subfield code="r">2025-10-01 11:42:03</subfield>
    <subfield code="t">35</subfield>
    <subfield code="w">2025-10-01</subfield>
    <subfield code="y">BK</subfield>
  </datafield>
  <datafield tag="952" ind1=" " ind2=" ">
    <subfield code="0">0</subfield>
    <subfield code="1">0</subfield>
    <subfield code="4">0</subfield>
    <subfield code="7">0</subfield>
    <subfield code="a">MU002</subfield>
    <subfield code="b">MU002</subfield>
    <subfield code="d">2023-10-01</subfield>
    <subfield code="l">0</subfield>
    <subfield code="o">339.9678</subfield>
    <subfield code="p">001094</subfield>
    <subfield code="r">2025-10-01 11:42:03</subfield>
    <subfield code="t">36</subfield>
    <subfield code="w">2025-10-01</subfield>
    <subfield code="y">BK</subfield>
  </datafield>
  <datafield tag="952" ind1=" " ind2=" ">
    <subfield code="0">0</subfield>
    <subfield code="1">0</subfield>
    <subfield code="4">0</subfield>
    <subfield code="7">0</subfield>
    <subfield code="a">MU002</subfield>
    <subfield code="b">MU002</subfield>
    <subfield code="d">2023-10-01</subfield>
    <subfield code="l">0</subfield>
    <subfield code="o">339.9678</subfield>
    <subfield code="p">001095</subfield>
    <subfield code="r">2025-10-01 11:42:03</subfield>
    <subfield code="t">37</subfield>
    <subfield code="w">2025-10-01</subfield>
    <subfield code="y">BK</subfield>
  </datafield>
  <datafield tag="952" ind1=" " ind2=" ">
    <subfield code="0">0</subfield>
    <subfield code="1">0</subfield>
    <subfield code="4">0</subfield>
    <subfield code="7">0</subfield>
    <subfield code="a">MU002</subfield>
    <subfield code="b">MU002</subfield>
    <subfield code="d">2023-10-01</subfield>
    <subfield code="l">0</subfield>
    <subfield code="o">339.9678</subfield>
    <subfield code="p">001096</subfield>
    <subfield code="r">2025-10-01 11:42:03</subfield>
    <subfield code="t">38</subfield>
    <subfield code="w">2025-10-01</subfield>
    <subfield code="y">BK</subfield>
  </datafield>
  <datafield tag="952" ind1=" " ind2=" ">
    <subfield code="0">0</subfield>
    <subfield code="1">0</subfield>
    <subfield code="4">0</subfield>
    <subfield code="7">0</subfield>
    <subfield code="a">MU002</subfield>
    <subfield code="b">MU002</subfield>
    <subfield code="d">2023-10-01</subfield>
    <subfield code="l">0</subfield>
    <subfield code="o">339.9678</subfield>
    <subfield code="p">001097</subfield>
    <subfield code="r">2025-10-01 11:42:03</subfield>
    <subfield code="t">39</subfield>
    <subfield code="w">2025-10-01</subfield>
    <subfield code="y">BK</subfield>
  </datafield>
  <datafield tag="952" ind1=" " ind2=" ">
    <subfield code="0">0</subfield>
    <subfield code="1">0</subfield>
    <subfield code="4">0</subfield>
    <subfield code="7">0</subfield>
    <subfield code="a">MU002</subfield>
    <subfield code="b">MU002</subfield>
    <subfield code="d">2023-10-01</subfield>
    <subfield code="l">0</subfield>
    <subfield code="o">339.9678</subfield>
    <subfield code="p">001098</subfield>
    <subfield code="r">2025-10-01 11:42:03</subfield>
    <subfield code="t">40</subfield>
    <subfield code="w">2025-10-01</subfield>
    <subfield code="y">BK</subfield>
  </datafield>
  <datafield tag="952" ind1=" " ind2=" ">
    <subfield code="0">0</subfield>
    <subfield code="1">0</subfield>
    <subfield code="4">0</subfield>
    <subfield code="7">0</subfield>
    <subfield code="a">MU002</subfield>
    <subfield code="b">MU002</subfield>
    <subfield code="d">2023-10-01</subfield>
    <subfield code="l">0</subfield>
    <subfield code="o">339.9678</subfield>
    <subfield code="p">001099</subfield>
    <subfield code="r">2025-10-01 11:42:03</subfield>
    <subfield code="t">41</subfield>
    <subfield code="w">2025-10-01</subfield>
    <subfield code="y">BK</subfield>
  </datafield>
  <datafield tag="952" ind1=" " ind2=" ">
    <subfield code="0">0</subfield>
    <subfield code="1">0</subfield>
    <subfield code="4">0</subfield>
    <subfield code="7">0</subfield>
    <subfield code="a">MU002</subfield>
    <subfield code="b">MU002</subfield>
    <subfield code="d">2023-10-01</subfield>
    <subfield code="l">0</subfield>
    <subfield code="o">339.9678</subfield>
    <subfield code="p">001100</subfield>
    <subfield code="r">2025-10-01 11:42:03</subfield>
    <subfield code="t">42</subfield>
    <subfield code="w">2025-10-01</subfield>
    <subfield code="y">BK</subfield>
  </datafield>
  <datafield tag="952" ind1=" " ind2=" ">
    <subfield code="0">0</subfield>
    <subfield code="1">0</subfield>
    <subfield code="4">0</subfield>
    <subfield code="7">0</subfield>
    <subfield code="a">MU002</subfield>
    <subfield code="b">MU002</subfield>
    <subfield code="d">2023-10-01</subfield>
    <subfield code="l">0</subfield>
    <subfield code="o">339.9678</subfield>
    <subfield code="p">001101</subfield>
    <subfield code="r">2025-10-01 11:42:03</subfield>
    <subfield code="t">43</subfield>
    <subfield code="w">2025-10-01</subfield>
    <subfield code="y">BK</subfield>
  </datafield>
  <datafield tag="952" ind1=" " ind2=" ">
    <subfield code="0">0</subfield>
    <subfield code="1">0</subfield>
    <subfield code="4">0</subfield>
    <subfield code="7">0</subfield>
    <subfield code="a">MU002</subfield>
    <subfield code="b">MU002</subfield>
    <subfield code="d">2023-10-01</subfield>
    <subfield code="l">0</subfield>
    <subfield code="o">339.9678</subfield>
    <subfield code="p">001102</subfield>
    <subfield code="r">2025-10-01 11:42:03</subfield>
    <subfield code="t">44</subfield>
    <subfield code="w">2025-10-01</subfield>
    <subfield code="y">BK</subfield>
  </datafield>
  <datafield tag="952" ind1=" " ind2=" ">
    <subfield code="0">0</subfield>
    <subfield code="1">0</subfield>
    <subfield code="4">0</subfield>
    <subfield code="7">0</subfield>
    <subfield code="a">MU002</subfield>
    <subfield code="b">MU002</subfield>
    <subfield code="d">2023-10-01</subfield>
    <subfield code="l">0</subfield>
    <subfield code="o">339.9678</subfield>
    <subfield code="p">001103</subfield>
    <subfield code="r">2025-10-01 11:42:03</subfield>
    <subfield code="t">45</subfield>
    <subfield code="w">2025-10-01</subfield>
    <subfield code="y">BK</subfield>
  </datafield>
</record>
